|
|
|
|
| LEADER |
02748nam a2200493 i 4500 |
| 001 |
EBC1578332 |
| 003 |
MiAaPQ |
| 005 |
20200520144314.0 |
| 006 |
m o d | |
| 007 |
cr cnu|||||||| |
| 008 |
130823t20142014dcuab ob 000 0 eng d |
| 020 |
|
|
|z 9780821389676
|
| 020 |
|
|
|a 9780821394625
|q (electronic bk.)
|
| 035 |
|
|
|a (MiAaPQ)EBC1578332
|
| 035 |
|
|
|a (Au-PeEL)EBL1578332
|
| 035 |
|
|
|a (CaPaEBR)ebr10810985
|
| 035 |
|
|
|a (CaONFJC)MIL550645
|
| 035 |
|
|
|a (OCoLC)857234457
|
| 040 |
|
|
|a MiAaPQ
|b eng
|e rda
|e pn
|c MiAaPQ
|d MiAaPQ
|
| 043 |
|
|
|a d------
|
| 050 |
|
4 |
|a HD5706
|b .W675 2013
|
| 082 |
0 |
|
|a 331.1209172/4090511
|2 23
|
| 245 |
0 |
0 |
|a Working through the crisis :
|b jobs and policies in developing countries during the great recession /
|c editors, Arup Banerji [and three others].
|
| 264 |
|
1 |
|a Washington, D.C. :
|b World Bank,
|c [2014]
|
| 264 |
|
4 |
|c 2014
|
| 300 |
|
|
|a 1 online resource (241 pages) :
|b illustrations, maps.
|
| 336 |
|
|
|a text
|2 rdacontent
|
| 337 |
|
|
|a computer
|2 rdamedia
|
| 338 |
|
|
|a online resource
|2 rdacarrier
|
| 490 |
1 |
|
|a Directions in development : human development
|
| 504 |
|
|
|a Includes bibliographical references.
|
| 505 |
0 |
|
|a Acknowledgments -- Abbreviations -- Overview -- Fewer jobs or smaller paychecks? : aggregate crisis impacts in selected middle-income countries -- How did the great recession affect different types of workers? : evidence from 17 middle-income countries -- Labor and social protection policies during the crisis and the recovery -- The labor market impact of the 2009 financial crisis in Indonesia -- Weathering a storm : survey-based perspectives on employment in China in the aftermath of the global financial crisis -- Effects of the 2008-09 economic crisis on labor markets in Mexico.
|
| 588 |
|
|
|a Description based on print version record.
|
| 590 |
|
|
|a Electronic reproduction. Ann Arbor, MI : ProQuest, 2015. Available via World Wide Web. Access may be limited to ProQuest affiliated libraries.
|
| 650 |
|
0 |
|a Global Financial Crisis, 2008-2009.
|
| 650 |
|
0 |
|a Income distribution
|z Developing countries.
|
| 650 |
|
0 |
|a Labor supply
|z Developing countries.
|
| 651 |
|
0 |
|a Developing countries
|x Social policy.
|
| 655 |
|
4 |
|a Electronic books.
|
| 700 |
1 |
|
|a Banerji, Arup.
|
| 776 |
0 |
8 |
|i Print version:
|t Working through the crisis : jobs and policies in developing countries during the great recession.
|d Washington, D. C. : World Bank, 2013
|h xvi, 221 pages : illustrations, maps, tables
|k Directions in development
|z 9780821389676
|w (DLC) 2013033568
|
| 797 |
2 |
|
|a ProQuest (Firm)
|
| 830 |
|
0 |
|a Directions in development (Washington, D.C.).
|p Human development.
|
| 856 |
4 |
0 |
|u https://ebookcentral.proquest.com/lib/matrademy/detail.action?docID=1578332
|z Click to View
|